نقوش صفوية من شمالي المملكة العربية السعودية

محفوظ في:

المؤلف الرئيسي: ذييب، سليمان بن عبد الرحمن

التنسيق: كتاب

اللغة: Undetermined

منشور في: AL RIYAD 2003

الوسوم: إضافة وسم

لا توجد وسوم, كن أول من يضع وسما على هذه التسجيلة!

رقم الطلب: PJ6690.d48

LEADER 00522nam a2200133Ia 4500
008 230909s9999||||xx |||||||||||||| ||und||
050 4 |a PJ6690.d48 
100 1 |a ذييب، سليمان بن عبد الرحمن  
245 1 0 |a نقوش صفوية من شمالي المملكة العربية السعودية  
264 1 |a AL RIYAD   |c 2003 
300 |a 226 P  |c 24CM  
942 |2 lcc  |c BK 
952 |0 0  |1 0  |2 lcc  |4 0  |6 PJ6690 D48  |7 1  |9 49980  |a ARCE  |b ARCE  |d 2023-09-09  |l 0  |o PJ6690.D48  |p 1028565  |r 2023-09-09 00:00:00  |w 2023-09-09  |y BK 
999 |c 54603  |d 54603